| 000 | 01010cam a22002054a 4500 | ||
|---|---|---|---|
| 005 | 20250605164042.0 | ||
| 008 | 250528s ||||||||||||||||||||||||d | ||
| 035 | _a17022 | ||
| 020 | _a745013600 | ||
| 040 |
_aGR-AtMCL _bgre _dGR-AtMCL _eAACR2 |
||
| 245 | 1 | _aAn Introductory Guide to Post-Structuralism and Postmodernism / Second Edition | |
| 250 | _a2nd | ||
| 260 |
_bHarvester Wheatsheaf, _c1993 |
||
| 300 | _a212 | ||
| 520 | _aThis textbook will be essential reading for those who want a clear and incisive introduction to the theories which continue to have such widespread influence. Preface, Acknowledgements, Introduction, Lacan and Psychoanalysis, Derrida and Deconstruction, Foucault and the Social Sciences, Some Currents within Post-Structuralism, Cixous and Irigaray and Kristeva: French Feminist Theories, Lyotard and Postmodernism, Baudrillard and Some Cultural Practices, Conclusion, Notes, Index. | ||
| 700 | 1 |
_aSarup Madan _93153 |
|
| 942 | _cBK | ||
| 999 |
_c2463 _d2463 |
||